STRUTS 2 (Record no. 5546)

MARC details
000 -LEADER
fixed length control field 00466nam a2200169Ia 4500
003 - CONTROL NUMBER IDENTIFIER
control field SGT
020 ## - INTERNATIONAL STANDARD BOOK NUMBER
International Standard Book Number 9788177228700
082 ## - DEWEY DECIMAL CLASSIFICATION NUMBER
Classification number 6.72,KOT
100 ## - MAIN ENTRY--PERSONAL NAME
Personal name KOGENT
245 ## - TITLE STATEMENT
Title STRUTS 2
250 ## - EDITION STATEMENT
Edition statement 2nd Ed.
260 ## - PUBLICATION, DISTRIBUTION, ETC. (IMPRINT)
Name of publisher, distributor, etc Dreamtech Press
Place of publication, distribution, etc New Delhi
Year of Publication 2013
300 ## - PAGE DESCRIPTION
No. of Pages 790p.
650 ## - SUBJECT ADDED ENTRY--TOPICAL TERM
Topical term or geographic name as entry element COMPUTER SCIENCE
653 ## - KEYWORDS--INDEX TERM
Keyword term ADVANCEMENT IN WEB TECHNOLOGY,CREATING APPLICATION IN STRUTS,CONTROLLING RESULTS IN STRUTS,PERFORMING VALIDATIONS IN STRUTS,
942 ## - ADDED ENTRY ELEMENTS (KOHA)
Source of classification or shelving scheme Dewey Decimal Classification
Koha item type Books
Holdings
Withdrawn status Lost status Source of classification or shelving scheme Damaged status Not for loan Home library Current library Date acquired SGTU Total Checkouts Full call number Accession No. (Barcode) Date last seen Bill Date Koha item type
    Dewey Decimal Classification     SGT Engineering Library SGT Engineering Library 30/05/2013 SGTU   6.72 BLA FE5816 09/02/2015 09/02/2015 Books
    Dewey Decimal Classification     SGT Engineering Library SGT Engineering Library 30/05/2013 SGTU   6.72 BLA FE5817 09/02/2015 09/02/2015 Books
    Dewey Decimal Classification     SGT Engineering Library SGT Engineering Library 31/05/2013 SGTU   6.72 BLA FE6169 09/02/2015 09/02/2015 Books
    Dewey Decimal Classification     SGT Engineering Library SGT Engineering Library 31/05/2013 SGTU   6.72 BLA FE6170 09/02/2015 09/02/2015 Books